Uyirc cirippu. (Record no. 81947)

MARC details
000 -LEADER
fixed length control field 00580cam a22002171 4500
001 - CONTROL NUMBER
control field sa 68007641
003 - CONTROL NUMBER IDENTIFIER
control field DLC
005 - DATE AND TIME OF LATEST TRANSACTION
control field 20260227112524.0
008 - FIXED-LENGTH DATA ELEMENTS--GENERAL INFORMATION
fixed length control field 890328s1967 xx 000 0 tam
010 ## - LIBRARY OF CONGRESS CONTROL NUMBER
LC control number sa 68007641
035 ## - SYSTEM CONTROL NUMBER
System control number (OCoLC)23552997
040 ## - CATALOGING SOURCE
Original cataloging agency DLC
Transcribing agency MiU
Modifying agency DLC
042 ## - AUTHENTICATION CODE
Authentication code premarc
050 00 - LIBRARY OF CONGRESS CALL NUMBER
Classification number PL4758.9.M78
Item number U9
100 1# - MAIN ENTRY--PERSONAL NAME
Personal name Murthy, V K
Dates associated with a name 1926-
245 10 - TITLE STATEMENT
Title Uyirc cirippu.
260 ## - PUBLICATION, DISTRIBUTION, ETC.
Date of publication, distribution, etc. [1967]
300 ## - PHYSICAL DESCRIPTION
Extent 314 p.
Dimensions 19 cm.
500 ## - GENERAL NOTE
General note In Tamil.
500 ## - GENERAL NOTE
General note A novel previously published serially in Tinamaṇi katir under title: Eṅkirunto vantāl.

No items available.

Powered by Koha